[Event "HUN-chT2 Asztalos 0708"]
[Site "Hungary"]
[Date "2007.10.14"]
[Round "1"]
[White "Palencsar, Janos"]
[Black "Kiss, Alpar"]
[Result "1-0"]
[WhiteElo "1929"]
[BlackElo "1654"]
[PlyCount "73"]
[EventDate "2007.10.14"]
[EventType "team"]
[EventRounds "11"]
[EventCountry "HUN"]
[SourceTitle "EXT 2009"]
[Source "ChessBase"]
[SourceDate "2008.11.26"]
[SourceVersion "1"]
[SourceVersionDate "2008.11.26"]
[SourceQuality "1"]
[WhiteTeam "Paks ASE"]
[BlackTeam "Pannonpower II"]
[WhiteTeamCountry "HUN"]
[BlackTeamCountry "HUN"]

1. e4 e6 2. Nc3 d5 3. exd5 exd5 4. d4 Nf6 5. Nf3 Be7 6. Be2 0-0 7. Bg5 h6 8. Bh4 Bf5 9. 0-0 Nbd7 10. Re1 c6 11. Ne5 Nxe5 12. dxe5 Nd7 13. Bg3 Nc5 14. Bg4 Qd7 15. Bf3 Rad8 16. Qe2 Ne6 17. Rad1 b5 18. Ne4 Bxe4 19. Bxe4 Qb7 20. Bf5 Qd7 21. Qg4 Kh8 22. Bf4 g5 23. Qh5 Kg7 24. Bc1 Rh8 25. Qg4 Rdg8 26. Qh5 Kf8 27. Re3 Bc5 28. Rf3 Rg7 29. Re1 Be7 30. Bd2 c5 31. Bxe6 Qxe6 32. Bc1 d4 33. b4 c4 34. Re4 Rhh7 35. Rxd4 Qxe5 36. Be3 Rg6 37. Qxg6 1-0